[Event "Titled Tue 20th May Early"]
[Site "chess.com INT"]
[Date "2025.05.20"]
[Round "9"]
[White "Grodotzki, Kenneth"]
[Black "Khachatryan, Anna"]
[Result "1-0"]
[WhiteTitle "CM"]
[BlackTitle "WFM"]
[WhiteElo "1984"]
[BlackElo "2169"]
[WhiteFideId "4648560"]
[BlackFideId "13310780"]
[EventDate "2025.05.20"]

1. f4 Nf6 2. Nf3 c5 3. g3 d5 4. Bg2 g6 5. O-O Bg7 6. d3 O-O 7. Qe1 d4 8. Na3 Nc6
9. Bd2 Be6 10. c3 Bd5 11. c4 Be6 12. Nc2 Qd7 13. Ng5 Bf5 14. a3 h6 15. Nf3 Bh3
16. b4 Bxg2 17. Kxg2 b6 18. b5 Nd8 19. Ne5 Qb7+ 20. Kg1 Nd7 21. Ng4 h5 22. Nf2
e5 23. f5 gxf5 24. Nh3 e4 25. Bg5 Ne6 26. Rxf5 Ne5 27. Qf1 Nxg5 28. Nxg5 e3 29.
Qh3 Qd7 30. Raf1 f6 31. Ne4 Qe6 32. Qxh5 Nd7 33. Ne1 Rf7 34. Ng2 Bh8 35. Nh4 Rh7
36. Qg4+ Rg7 37. Qf3 Rf8 38. Rg5 fxg5 39. Nxg5 Rxg5 40. Qc6 Rxf1+ 41. Kxf1 Qf7+
42. Kg2 Qf2+ 43. Kh3 Qf7 44. Kg2 Bf6 45. Qa8+ Kh7 46. Qe4+ Kg7 47. Qa8 Rh5 48.
Kh3 Bxh4 49. gxh4 Qf5+ 50. Kg3 Qg6+ 51. Kh3 Qe6+ 52. Kg3 Rh6 53. h5 Rg6+ 54.
hxg6 Qxg6+ 55. Kf3 Qf6+ 56. Kg3 Qe5+ 57. Kg2 Qc7 58. Qf3 Nf6 59. Qg3+ Kf7 60.
Qxc7+ 1-0

[Event "Titled Tue 20th May Early"]
[Site "chess.com INT"]
[Date "2025.05.20"]
[Round "9"]
[White "Bernadskiy, Vitaliy"]
[Black "Sakun, Volodymyr"]
[Result "1-0"]
[WhiteTitle "GM"]
[BlackTitle "FM"]
[WhiteElo "2523"]
[BlackElo "2301"]
[WhiteFideId "14100371"]
[BlackFideId "14114062"]
[EventDate "2025.05.20"]

1. e3 e5 2. b3 d5 3. Bb2 Nd7 4. c4 c6 5. cxd5 cxd5 6. Nf3 Bd6 7. Nc3 Ne7 8. Nb5
Bb8 9. Ba3 Nb6 10. Rc1 a6 11. Nc3 O-O 12. d4 e4 13. Nd2 Bd6 14. Bxd6 Qxd6 15.
Be2 f5 16. g3 g5 17. f4 gxf4 18. gxf4 Kh8 19. Nf1 Be6 20. Ng3 Rac8 21. O-O Rc7
22. Na4 Nxa4 23. bxa4 Rfc8 24. Rxc7 Rxc7 25. Qb3 Qc6 26. Rb1 Bf7 27. a5 Kg7 28.
Kf2 Be6 29. Qa3 Qd7 30. Rb6 Rc6 31. Rb1 Qc7 32. Qb3 Bc8 33. Qb4 Kf7 34. Bh5+ Ng6
35. Bd1 Ne7 36. Bb3 Qd6 37. Qd2 Qh6 38. Kg2 Be6 39. Qb4 Rc7 40. Bd1 Ng6 41. Qb6
Re7 42. Bh5 Qf8 43. Rc1 Qe8 44. Qb4 Qd7 45. Bd1 Kg7 46. Ba4 Qd8 47. Kf2 Kf7 48.
Qc5 Qb8 49. Qb6 Qf8 50. Bd1 Qb8 51. Bh5 Qf8 52. Rc5 Qb8 53. Be2 Rd7 54. Bxa6 Qd6
55. Bb5 Qxb6 56. axb6 Rd6 57. Rc7+ Ne7 58. Rxb7 Bc8 59. Rb8 1-0

[Event "Titled Tue 20th May Early"]
[Site "chess.com INT"]
[Date "2025.05.20"]
[Round "9"]
[White "Priasmoro, Novendra"]
[Black "Tsolakidou, Stavroula"]
[Result "0-1"]
[WhiteTitle "GM"]
[BlackTitle "IM"]
[WhiteElo "2437"]
[BlackElo "2428"]
[WhiteFideId "7105029"]
[BlackFideId "4264312"]
[EventDate "2025.05.20"]

1. d4 Nf6 2. Nf3 g6 3. g3 Bg7 4. Bg2 O-O 5. O-O d6 6. c4 Nc6 7. Nc3 e5 8. dxe5
dxe5 9. Bg5 h6 10. Qxd8 Rxd8 11. Bxf6 Bxf6 12. Nd5 Kg7 13. Nxc7 Rb8 14. e3 e4
15. Nd4 Nxd4 16. exd4 Rxd4 17. Rac1 Bf5 18. Nd5 Bg5 19. Ne3 Be6 20. b3 f5 21. h4
Be7 22. Rfd1 Rbd8 23. Rxd4 Rxd4 24. Rd1 Bc5 25. Rxd4 Bxd4 26. Kf1 Kf6 27. Ke2
Ke5 28. Nc2 Bc5 29. f3 exf3+ 30. Bxf3 b6 31. Ne3 g5 32. hxg5 hxg5 33. Nd5 Bd6
34. Kd3 g4 35. Bg2 Bxd5 36. Bxd5 Kf6 37. b4 Bxg3 38. c5 bxc5 39. bxc5 Bc7 40.
Bb7 Ke5 41. Bc8 Kf4 42. a4 Kg5 43. Ke2 Bd8 44. Be6 Be7 45. c6 Bd8 46. Kf2 Bb6+
47. Kg2 f4 48. Bd5 f3+ 49. Bxf3 gxf3+ 50. Kxf3 Kf5 51. Ke2 Ke4 52. Kd2 Kd5 53.
a5 Bxa5+ 54. Kd3 Kxc6 55. Kc4 Bb6 56. Kb3 Kb5 57. Ka2 a5 58. Ka3 Bc5+ 59. Ka2
Kb4 60. Ka1 a4 61. Kb1 Kb3 62. Ka1 a3 63. Kb1 a2+ 0-1

[Event "Titled Tue 20th May Early"]
[Site "chess.com INT"]
[Date "2025.05.20"]
[Round "9"]
[White "Wanyama, Harold"]
[Black "Chiang, Jacob"]
[Result "0-1"]
[WhiteTitle "FM"]
[WhiteElo "2132"]
[BlackElo "2006"]
[WhiteFideId "10000380"]
[BlackFideId "30962331"]
[EventDate "2025.05.20"]

1. d4 c5 2. d5 Nf6 3. c4 e6 4. Nc3 exd5 5. cxd5 d6 6. g3 g6 7. Bg2 Bg7 8. Nf3
O-O 9. O-O a6 10. a4 Re8 11. Bf4 Ne4 12. Nxe4 Rxe4 13. Nd2 Rxf4 14. gxf4 Bxb2
15. Rb1 Bg7 16. Nc4 Ra7 17. a5 Bg4 18. h3 Bh5 19. Qd2 Qc7 20. e4 Nd7 21. Rfe1
Ra8 22. e5 dxe5 23. d6 Qd8 24. fxe5 Qh4 25. Re4 Qd8 26. Rxb7 Rb8 27. Re1 Rxb7
28. Bxb7 Qh4 29. Bd5 Nf8 30. Re4 Qxh3 31. Qf4 g5 32. Qg3 Qxg3+ 33. fxg3 Bf3 34.
Kf2 Bxe4 35. Bxe4 Nd7 36. Bf5 Nxe5 37. d7 Nc6 38. Be4 Nd8 39. Bd5 Kf8 40. Nb6
Ke7 41. Bc4 Bc3 42. Nd5+ Kxd7 43. Nxc3 Nc6 44. Bxa6 Nxa5 45. Bd3 h6 46. Kf3 Ke6
47. Kg4 c4 48. Bf5+ Ke5 49. Bc8 Kd4 50. Nb5+ Kc5 51. Na3 c3 52. Nc2 Nc4 53. Kf5
Nd6+ 54. Kf6 Nxc8 55. Kxf7 h5 56. Kg6 h4 57. Kxg5 hxg3 58. Ne3 g2 59. Nxg2 c2
60. Ne1 c1=Q+ 0-1

[Event "Titled Tue 20th May Early"]
[Site "chess.com INT"]
[Date "2025.05.20"]
[Round "9"]
[White "Bukreev, Stanislav"]
[Black "Ostensen, Nicolai Maxime"]
[Result "0-1"]
[WhiteTitle "FM"]
[BlackTitle "FM"]
[WhiteElo "2328"]
[BlackElo "2283"]
[WhiteFideId "34252347"]
[BlackFideId "1546970"]
[EventDate "2025.05.20"]

1. d4 Nf6 2. c4 g6 3. Nc3 Bg7 4. e4 d6 5. Nf3 O-O 6. Be2 e5 7. O-O exd4 8. Nxd4
Nc6 9. Be3 Re8 10. f3 Nh5 11. f4 Nf6 12. Bf3 Bd7 13. Qd2 Bg4 14. Rae1 Bxf3 15.
gxf3 Nd7 16. Nd5 Ne7 17. f5 c6 18. Nxe7+ Qxe7 19. Kh1 Ne5 20. b3 Rad8 21. Bg5
Bf6 22. Bf4 Nd7 23. Rg1 a6 24. fxg6 hxg6 25. Nf5 Qe6 26. Qxd6 Ne5 27. Qxe6 Rxe6
28. Bxe5 Bxe5 29. Nh6+ Kf8 30. Ng4 Bf4 31. Rg2 Red6 32. Rge2 b5 33. cxb5 cxb5
34. Kg2 b4 35. Ne3 Bxe3 36. Rxe3 Rd2+ 37. R3e2 Ke7 38. Kf2 R8d3 39. Rxd2 Rxd2+
40. Re2 Rd1 41. Rc2 Kd6 42. f4 a5 43. Re2 Kc5 44. Ke3 Rf1 45. Rc2+ Kb5 46. h4
Rh1 47. Rc7 Rh3+ 48. Kd4 f5 49. exf5 gxf5 50. Rc5+ Kb6 51. Rxf5 Rxh4 52. Rf8 Rh2
53. f5 Rxa2 54. f6 Rf2 55. f7 Kb7 56. Kd5 a4 0-1

[Event "Titled Tue 20th May Early"]
[Site "chess.com INT"]
[Date "2025.05.20"]
[Round "9"]
[White "Deichmann, Esteban Horacio"]
[Black "Williams, Simon K"]
[Result "1/2-1/2"]
[BlackTitle "GM"]
[WhiteElo "2085"]
[BlackElo "2445"]
[WhiteFideId "167410"]
[BlackFideId "404454"]
[EventDate "2025.05.20"]

1. e4 e6 2. c4 b6 3. d4 Bb7 4. Bd3 f5 5. Qe2 Nf6 6. f3 Nc6 7. Be3 f4 8. Bf2 e5
9. d5 Nb4 10. a3 Nxd3+ 11. Qxd3 Bc5 12. Bxc5 bxc5 13. b4 Qe7 14. Qd2 O-O 15. Ne2
a5 16. b5 Ne8 17. a4 Nd6 18. Qc3 Nc8 19. Nd2 Nb6 20. Nb3 Qh4+ 21. Kf1 d6 22.
Nec1 g5 23. Nd2 g4 24. Ne2 Bc8 25. Ng1 Kh8 26. fxg4 Bxg4 27. Ngf3 Qh5 28. h3 Rg8
29. Kf2 Bxf3 30. Nxf3 Rg3 31. Rhg1 Rag8 32. Ra2 Qg6 33. Kf1 Qxe4 34. Rc2 Nxa4
35. Qb3 Nb6 36. Nd2 Qd4 37. Nf3 Qa1+ 38. Kf2 Qa4 39. Qc3 Qb4 40. Qd3 a4 41. Qf5
Nxc4 42. Qf6+ R3g7 43. Ng5 Re8 44. Nf7+ Kg8 45. Nh6+ Kh8 46. Nf7+ Kg8 47. Nh6+
Kh8 48. Nf5 Rg8 49. Nxg7 Rxg7 50. Qf8+ Rg8 51. Qf6+ Rg7 52. g3 Ne3 53. Qf8+ Rg8
54. Qf6+ Rg7 55. Qf8+ Rg8 56. Qf6+ Rg7 1/2-1/2

[Event "Titled Tue 20th May Early"]
[Site "chess.com INT"]
[Date "2025.05.20"]
[Round "9"]
[White "Burmakin, Evgeniy"]
[Black "Bozorov, Javohir"]
[Result "0-1"]
[WhiteTitle "FM"]
[BlackTitle "FM"]
[WhiteElo "2110"]
[BlackElo "2093"]
[WhiteFideId "4163729"]
[BlackFideId "14216957"]
[EventDate "2025.05.20"]

1. e4 b6 2. d4 Bb7 3. Nc3 e6 4. a3 c5 5. d5 Nf6 6. Nf3 exd5 7. exd5 d6 8. Bb5+
Nbd7 9. O-O Be7 10. Re1 O-O 11. Bf4 Re8 12. Bc6 Qc8 13. Bxb7 Qxb7 14. Nb5 Nxd5
15. Bxd6 Bxd6 16. Rxe8+ Bf8 17. Rxa8 Qxa8 18. c4 N5f6 19. Qd3 a6 20. Nc3 Qc6 21.
Rd1 Qe6 22. h3 h6 23. Re1 Qc6 24. Nd5 b5 25. Nxf6+ Nxf6 26. Ne5 Qb7 27. Qd8 b4
28. a4 b3 29. Nd3 Ne4 30. a5 Qc6 31. f3 Nd6 32. Ne5 Qc8 33. Qxc8 Nxc8 34. Nd7
Nd6 35. Nxc5 Nxc4 36. Nxa6 Nxa5 37. Re8 f6 38. Nc5 Kf7 39. Rc8 Nc4 40. Nxb3 Nxb2
41. Nd4 Nd3 42. Kf1 Ne5 43. f4 Ng6 44. g3 h5 45. h4 Ba3 46. Ra8 Bc5 47. Nf5 Ne7
48. Nxe7 Kxe7 0-1

[Event "Titled Tue 20th May Early"]
[Site "chess.com INT"]
[Date "2025.05.20"]
[Round "9"]
[White "Poormosavi, Seyed Kian"]
[Black "Wagh, Suyog"]
[Result "0-1"]
[WhiteTitle "IM"]
[BlackTitle "FM"]
[WhiteElo "2379"]
[BlackElo "2319"]
[WhiteFideId "12585807"]
[BlackFideId "25071688"]
[EventDate "2025.05.20"]

1. d4 Nf6 2. c4 g6 3. Nc3 Bg7 4. e4 d6 5. Be2 O-O 6. Bg5 c6 7. Qd2 a6 8. f3 b5
9. g4 e5 10. d5 c5 11. h4 Nbd7 12. Nh3 bxc4 13. Nf2 Rb8 14. Bxc4 Qb6 15. Rb1 h5
16. O-O Qc7 17. b3 Kh7 18. Be2 Rb4 19. Kh2 Rd4 20. Qc2 Nb6 21. Be3 Qe7 22. g5
Nfd7 23. Bxd4 exd4 24. Ncd1 f6 25. Nh3 Ne5 26. f4 Ng4+ 27. Kg3 fxg5 28. Nxg5+
Kh8 29. Bxg4 Bxg4 30. Nf2 Rxf4 31. Nd3 Rxf1 32. Rxf1 Be5+ 33. Kg2 Bf6 34. Nf4
Kg7 35. Nfe6+ Kg8 36. Qf2 Nd7 37. a4 d3 38. Qd2 Ne5 39. Qf4 Nd7 40. Kg3 Be5 41.
Rf2 Bxf4+ 42. Nxf4 Be6 43. Nxh5 gxh5 44. dxe6 Nf6 45. e5 Nh7 46. exd6 Qxd6+ 47.
Kg2 Nxg5 0-1

[Event "Titled Tue 20th May Early"]
[Site "chess.com INT"]
[Date "2025.05.20"]
[Round "9"]
[White "Ocampos, Ian"]
[Black "Jovic, Stanoje"]
[Result "0-1"]
[BlackTitle "FM"]
[WhiteElo "2219"]
[BlackElo "2096"]
[WhiteFideId "117544"]
[BlackFideId "905020"]
[EventDate "2025.05.20"]

1. e4 c6 2. d4 d5 3. f3 e6 4. c4 dxe4 5. Nc3 e3 6. Bxe3 Nf6 7. Bd3 Bd6 8. Nge2
Qc7 9. Qd2 O-O 10. O-O-O b5 11. c5 Be7 12. Bf4 Qa5 13. Kb1 b4 14. Ne4 Nd5 15.
Bd6 Ba6 16. Nc1 Bxd3+ 17. Qxd3 Nd7 18. h4 Qd8 19. h5 h6 20. g3 a5 21. f4 a4 22.
Rdf1 f5 23. Bxe7 Qxe7 24. Nd6 a3 25. b3 Nc3+ 26. Ka1 Nf6 27. Re1 Nfe4 28. Nxe4
fxe4 29. Qc4 Rab8 30. Ne2 Nd5 31. Nc1 e3 32. Nd3 Qf6 33. Ne5 Rfc8 34. Nd7 Qf5
35. Nxb8 Rxb8 36. Rh2 Qe4 37. Rhe2 Rd8 38. Rc2 Kh8 39. Rce2 Qf3 40. Qd3 Qxg3 41.
f5 Nf4 42. Qxe3 Nxe2 43. Qxg3 Nxg3 44. fxe6 Nf5 45. e7 Re8 46. d5 cxd5 47. c6
Kg8 48. c7 Kf7 49. Rf1 Kf6 50. Rf4 Ke5 51. Rxb4 Nxe7 52. Ra4 Kd6 53. Rxa3 Kxc7
54. Ra7+ Kd6 55. Ra6+ Ke5 56. b4 d4 57. Kb2 Rc8 58. Ra7 Nd5 59. Rxg7 Nxb4 60.
Rg6 Nd3+ 61. Kb3 Rc3+ 62. Ka4 Nc5+ 63. Kb5 d3 64. Rg8 d2 65. Re8+ Kd6 66. Rd8+
Nd7 0-1

[Event "Titled Tue 20th May Early"]
[Site "chess.com INT"]
[Date "2025.05.20"]
[Round "9"]
[White "Potawad, Anirudhha"]
[Black "Shymanskyi, Oleksandr"]
[Result "1-0"]
[WhiteTitle "FM"]
[BlackTitle "FM"]
[WhiteElo "2288"]
[BlackElo "2218"]
[WhiteFideId "45081506"]
[BlackFideId "14168880"]
[EventDate "2025.05.20"]

1. e4 d5 2. exd5 Nf6 3. Bb5+ Bd7 4. Bc4 Bg4 5. f3 Bc8 6. Ne2 Nbd7 7. O-O Nb6 8.
d3 Nfxd5 9. Nbc3 c6 10. Bb3 g6 11. Ne4 Bg7 12. d4 O-O 13. c4 Nf6 14. Nxf6+ Bxf6
15. Be3 a5 16. a3 a4 17. Ba2 Qc7 18. Rc1 Rd8 19. Qe1 Bf5 20. Qf2 Bd3 21. Rfd1
Bxe2 22. Qxe2 Rac8 23. Bb1 e6 24. Qf2 Nd7 25. Bc2 Qa5 26. Rd2 Nf8 27. Rcd1 c5
28. Be4 cxd4 29. Bxd4 Bxd4 30. Rxd4 Rxd4 31. Qxd4 b6 32. h3 Qc5 33. Qxc5 Rxc5
34. Rd6 b5 35. cxb5 Rxb5 36. Rd2 Kg7 37. Bc6 Ra5 38. Rd4 Rc5 39. Bxa4 Rc1+ 40.
Kh2 e5 41. Rd2 Ne6 42. Bd1 Kf6 43. b4 Ra1 44. a4 Nd4 45. b5 Rb1 46. Kg3 h5 47.
Kf2 Kf5 48. h4 Ke6 49. Ke3 f5 50. f4 Rb4 51. fxe5 Nb3 52. Bxb3+ Rxb3+ 53. Kd4
Rb4+ 54. Kc5 Rxa4 55. Rb2 Ra8 56. b6 Rc8+ 57. Kd4 Rb8 58. b7 Rd8+ 59. Kc5 Kxe5
60. b8=Q+ Rxb8 61. Rxb8 Kf4 62. Rb3 Kg4 63. Rb6 g5 64. hxg5 Kxg5 65. Kd4 f4 66.
Ke4 Kg4 67. Rb3 h4 68. Rf3 1-0

[Event "Titled Tue 20th May Early"]
[Site "chess.com INT"]
[Date "2025.05.20"]
[Round "9"]
[White "Jaskolka, Tomasz"]
[Black "Yanev, Tihomir"]
[Result "1/2-1/2"]
[WhiteTitle "CM"]
[BlackTitle "IM"]
[WhiteElo "2200"]
[BlackElo "2354"]
[WhiteFideId "1170791"]
[BlackFideId "2910110"]
[EventDate "2025.05.20"]

1. d4 d5 2. Bf4 Nf6 3. e3 c6 4. c3 g6 5. Nd2 Bg7 6. h4 h5 7. Ngf3 O-O 8. Ne5
Nbd7 9. Be2 Nxe5 10. Bxe5 Ng4 11. Bxg7 Kxg7 12. Bxg4 Bxg4 13. f3 Bd7 14. g4 Rh8
15. Qe2 Qc8 16. gxh5 Rxh5 17. O-O-O c5 18. Rdg1 cxd4 19. exd4 Be6 20. Rg5 Rxg5
21. hxg5 Qc7 22. Qe5+ Qxe5 23. dxe5 f6 24. exf6+ exf6 25. gxf6+ Kxf6 26. Rh7 Bf7
27. Nb3 b6 28. Kd2 g5 29. Nd4 Re8 30. a4 a5 31. Nb5 Re6 32. Rh6+ Bg6 33. Nc7 Re5
34. b4 Kf5 35. bxa5 bxa5 36. Nb5 Re7 37. Nd4+ Kf6 38. Rh1 Be8 39. Nc6 Bxc6 40.
Rh6+ Kf5 41. Rxc6 Kf4 42. Rf6+ Kg3 43. Kd3 Rc7 44. Rf5 Rc4 45. Rxd5 Rxa4 46.
Rxg5+ Kxf3 47. Rf5+ Kg4 48. Rf8 Ra1 49. c4 a4 50. Ke4 Kg5 51. c5 a3 52. Ke5 Re1+
53. Kd6 a2 54. Rg8+ Kf6 55. Rf8+ Kg7 56. Ra8 a1=Q 57. Rxa1 Rxa1 58. c6 Kf7 59.
c7 Rc1 60. Kd7 Rd1+ 61. Kc6 Ke7 62. c8=Q Rc1+ 63. Kb7 Rxc8 64. Kxc8 1/2-1/2

[Event "Titled Tue 20th May Early"]
[Site "chess.com INT"]
[Date "2025.05.20"]
[Round "9"]
[White "Bold, Andre"]
[Black "Terlouw, Wouter"]
[Result "0-1"]
[WhiteTitle "CM"]
[BlackTitle "CM"]
[WhiteElo "2235"]
[BlackElo "2227"]
[WhiteFideId "16208471"]
[BlackFideId "1087401"]
[EventDate "2025.05.20"]

1. d4 Nf6 2. Nc3 d5 3. Bf4 c5 4. e3 Qa5 5. dxc5 Nc6 6. Be2 e5 7. Bg3 d4 8. a3
dxc3 9. b4 Qd8 10. Nf3 Qxd1+ 11. Rxd1 e4 12. Ne5 a5 13. Bc4 Nxe5 14. Bxe5 axb4
15. axb4 Be6 16. Bb5+ Bd7 17. Bxd7+ Nxd7 18. Bxc3 Be7 19. Ke2 Nf6 20. Be5 O-O
21. c4 Ra2+ 22. Rd2 Rfa8 23. Rd1 h5 24. h3 Nd7 25. Bc7 Bf6 26. f3 exf3+ 27. Kxf3
Ne5+ 28. Bxe5 Bxe5 29. Rxa2 Rxa2 30. Rd8+ Kh7 31. Rd7 Rc2 32. Rxb7 Rxc4 33. Rxf7
Rxb4 34. Rf5 Bf6 35. Rxh5+ Kg6 36. Rd5 Rc4 37. g3 Kf7 38. h4 Ke6 39. Rd6+ Ke7
40. Rd5 Rc3 41. Ke4 Ke6 42. Rd6+ Kf7 43. Rd5 Be7 44. h5 Bxc5 45. Rd3 Rxd3 46.
Kxd3 Bd6 47. g4 Kf6 48. Ke4 Kg5 49. Kf3 Be5 50. e4 Bd4 51. Kg3 Be5+ 52. Kh3 Bd6
53. h6 Kxh6 54. Kh4 Kg6 55. g5 Bf4 56. Kg4 Bxg5 57. e5 Bd8 58. e6 Kf6 59. Kh5
Kxe6 60. Kg6 Bf6 61. Kh5 Kf7 62. Kg4 g5 63. Kh3 Kg6 64. Kg2 Kf5 65. Kh1 Kg4 66.
Kg2 Kf4 67. Kf1 g4 68. Kg2 g3 69. Kf1 Kf3 70. Kg1 Bd4+ 71. Kh1 g2+ 72. Kh2 g1=Q+
73. Kh3 Qh1# 0-1

[Event "Titled Tue 20th May Early"]
[Site "chess.com INT"]
[Date "2025.05.20"]
[Round "9"]
[White "Shuvalov, Evgenij"]
[Black "Timofeev, Artyom"]
[Result "1/2-1/2"]
[BlackTitle "GM"]
[WhiteElo "1986"]
[BlackElo "2548"]
[WhiteFideId "4187237"]
[BlackFideId "4140419"]
[EventDate "2025.05.20"]

1. d4 e6 2. c4 Bb4+ 3. Nd2 Nf6 4. a3 Bxd2+ 5. Bxd2 h6 6. Qc2 b6 7. e4 d6 8. Nf3
Bb7 9. Bd3 Nbd7 10. h3 e5 11. d5 Nc5 12. b4 Nxd3+ 13. Qxd3 O-O 14. O-O c6 15.
Rfc1 Rc8 16. a4 Re8 17. a5 bxa5 18. Rxa5 cxd5 19. cxd5 Rxc1+ 20. Bxc1 Qb6 21.
Qb1 a6 22. Be3 Qc7 23. Nd2 Rc8 24. Ra1 Rb8 25. Qd1 Bc8 26. Rc1 Qd8 27. Rc4 Bd7
28. Qc2 Ne8 29. Qc1 Bb5 30. Rc3 Qd7 31. Qc2 Rb7 32. f3 Rc7 33. Rxc7 Nxc7 34. Bb6
Ne8 35. Qc3 f5 36. Qc2 Nf6 37. Qc7 fxe4 38. fxe4 Qxc7 39. Bxc7 Ne8 40. Bb8 Kf7
41. Kf2 Ke7 42. Ke3 Nf6 43. Nf3 Kd7 44. Nh4 Ne8 45. Nf5 g6 46. Nxh6 Kc8 47. Ba7
Kb7 48. Bc5 dxc5 49. bxc5 a5 50. Kd2 a4 51. Kc3 Bf1 52. Nf7 Bxg2 53. Nxe5 Bxe4
54. d6 Nf6 55. Kb4 Bc6 56. h4 Nd5+ 57. Ka3 Nf6 58. Nxg6 Bb5 59. Ne5 Be8 60. Kb4
Nd5+ 61. Kc4 Nf6 62. Kb4 Nd5+ 63. Kc4 Nf6 64. Kb4 1/2-1/2

[Event "Titled Tue 20th May Early"]
[Site "chess.com INT"]
[Date "2025.05.20"]
[Round "9"]
[White "Iskusnyh, Sergei"]
[Black "Sklokin, Sergey"]
[Result "0-1"]
[WhiteTitle "GM"]
[BlackTitle "FM"]
[WhiteElo "2440"]
[BlackElo "2311"]
[WhiteFideId "4120027"]
[BlackFideId "55730230"]
[EventDate "2025.05.20"]

1. d4 Nf6 2. c4 g6 3. g3 c6 4. Bg2 d5 5. e3 Bg7 6. Ne2 O-O 7. O-O dxc4 8. Qc2 b5
9. Nbc3 a6 10. b3 b4 11. Na4 c3 12. a3 a5 13. Nc5 Na6 14. axb4 axb4 15. Bxc6 Ra7
16. Bg2 Nxc5 17. Rxa7 Bf5 18. Qa2 Nd3 19. Rd1 Ng4 20. Rxd3 Bxd3 21. Nf4 Bb5 22.
Nd5 e5 23. Rb7 exd4 24. exd4 Bxd4 25. h3 Nxf2 26. Kh2 Bd3 27. Nxb4 Qd6 28. Nxd3
Nxd3 29. Bh6 Be5 30. Bxf8 Bxg3+ 31. Kh1 Qxf8 32. Qc2 Nf2+ 33. Kg1 Qc5 34. Kf1
Qe3 35. Qe2 Qf4 36. Qf3 Qc1+ 37. Ke2 Qc2+ 38. Kf1 Qd1+ 39. Qxd1 Nxd1 40. Be4 c2
41. Bxc2 Ne3+ 42. Ke2 Nxc2 43. b4 Kg7 44. b5 Nd4+ 45. Kd3 Ne6 46. b6 Nf4+ 47.
Ke4 Nxh3 48. Rd7 Ng5+ 49. Kd5 Ne6 50. b7 h5 51. Rd6 Nc7+ 52. Kc6 Bxd6 53. Kxd6
Na6 54. Kc6 h4 55. Kb6 Nb8 56. Kc7 h3 57. Kxb8 h2 58. Kc8 h1=Q 59. b8=Q Qh8+ 60.
Kd7 Qxb8 0-1

[Event "Titled Tue 20th May Early"]
[Site "chess.com INT"]
[Date "2025.05.20"]
[Round "9"]
[White "Arslanov, Shamil"]
[Black "Jahnz, Laurin"]
[Result "0-1"]
[WhiteTitle "IM"]
[BlackTitle "CM"]
[WhiteElo "2410"]
[BlackElo "2233"]
[WhiteFideId "4192826"]
[BlackFideId "16261089"]
[EventDate "2025.05.20"]

1. d4 d5 2. e4 c6 3. Nc3 dxe4 4. Bc4 Nf6 5. f3 e3 6. Bxe3 Bf5 7. Nge2 e6 8. g4
Bg6 9. h4 h6 10. Nf4 Bh7 11. g5 Nd5 12. Bxd5 exd5 13. g6 Bxg6 14. Nxg6 fxg6 15.
Qd3 Qf6 16. Rg1 Kf7 17. O-O-O Bd6 18. Rg2 Re8 19. Rdg1 Rxe3 20. Qd1 Bf4 21. Kb1
g5 22. hxg5 Bxg5 23. f4 Bxf4 24. Qh5+ Kg8 25. Nxd5 cxd5 26. Qxd5+ Kh8 27. Qxb7
Qe7 28. Qc8+ Qe8 29. Qxe8+ Rxe8 30. Rxg7 Re1+ 31. Rxe1 Kxg7 32. Re8 h5 33. c4 h4
34. Re4 Bg3 35. c5 Nc6 36. d5 Ne5 37. d6 Rc8 38. b4 Kf6 39. Kc2 Ke6 40. Kb3 Kd5
41. Re3 Bf4 42. Rh3 Bg5 43. a3 a5 44. Rh1 axb4 45. axb4 Kc6 46. Ra1 h3 47. Rh1
Rh8 48. Ka4 h2 49. Kb3 Ng4 50. Kc4 Be3 51. b5+ Kd7 52. Kd5 Nf6+ 53. Kc4 Bg1 54.
Kb4 Rh4+ 55. Ka5 Bxc5 56. b6 Bxd6 57. b7 Kc7 58. Ka6 Ra4+ 59. Kb5 Rb4+ 60. Ka5
Rxb7 61. Ka6 Rb2 62. Ra1 Rg2 63. Rh1 Rg1 0-1

[Event "Titled Tue 20th May Early"]
[Site "chess.com INT"]
[Date "2025.05.20"]
[Round "9"]
[White "Mizzi, Jack"]
[Black "Cunha, Lucas Aguiar"]
[Result "0-1"]
[WhiteTitle "CM"]
[BlackTitle "FM"]
[WhiteElo "2086"]
[BlackElo "2254"]
[WhiteFideId "5602521"]
[BlackFideId "2125404"]
[EventDate "2025.05.20"]

1. d4 Nf6 2. c4 e6 3. Nf3 b6 4. g3 Ba6 5. Nbd2 Bb7 6. Bg2 c5 7. O-O cxd4 8. Nxd4
Bxg2 9. Kxg2 Qc8 10. b3 Qb7+ 11. N2f3 a6 12. Bb2 d6 13. Kg1 Nbd7 14. Qc2 Be7 15.
Rfe1 O-O 16. e4 Rfc8 17. e5 dxe5 18. Nxe5 Nxe5 19. Rxe5 b5 20. c5 Qc7 21. Qe2
Bxc5 22. Rc1 Qd6 23. Nxe6 fxe6 24. Rxe6 Qd5 25. Rd1 Qf5 26. Bxf6 gxf6 27. Rd7
Bxf2+ 28. Kg2 Bc5 29. g4 Qg6 30. h4 Bf8 31. Rd2 Rd8 32. Rc2 Rac8 33. Rec6 Rxc6
34. Rxc6 Rd4 35. Kh3 Qd3+ 36. Qxd3 Rxd3+ 37. Kg2 Rd2+ 38. Kf3 Rxa2 39. Rxf6 a5
40. Rb6 b4 41. Rb5 Ra3 42. Kf4 Rxb3 43. Rxa5 Rb1 44. Rb5 b3 45. Kg5 b2 46. Rb3
Bg7 47. Rb8+ Bf8 48. Rb3 Ba3 49. Rxa3 Ra1 50. Rd3 Ra5+ 51. Kh6 Ra6+ 52. Kh5 b1=Q
53. Rd8+ Kg7 54. Rd7+ Kg8 55. Rd8+ Kf7 56. Rd7+ Ke6 57. Rg7 Kf6 58. Rg8 Kf7 59.
Rg5 Qb6 60. Rf5+ Kg7 61. Rg5+ Kh8 0-1

[Event "Titled Tue 20th May Early"]
[Site "chess.com INT"]
[Date "2025.05.20"]
[Round "9"]
[White "Pakleza, Zbigniew"]
[Black "Amangeldy, Ernur"]
[Result "0-1"]
[WhiteTitle "GM"]
[BlackTitle "FM"]
[WhiteElo "2484"]
[BlackElo "2231"]
[WhiteFideId "1119290"]
[BlackFideId "13720244"]
[EventDate "2025.05.20"]

1. d4 Nf6 2. Nf3 g6 3. Bf4 Bg7 4. e3 O-O 5. Be2 d6 6. h3 c5 7. c3 Nc6 8. O-O Bf5
9. Nbd2 Ne4 10. Bh2 Nxd2 11. Nxd2 Rc8 12. Qb3 cxd4 13. exd4 Rb8 14. Rfe1 a6 15.
Bf3 Qc7 16. a4 Rfe8 17. Bg3 Na5 18. Qb4 Nc6 19. Qa3 Bd7 20. Rac1 b5 21. axb5
axb5 22. b4 Qb6 23. Qb3 Ra8 24. Bd5 e6 25. Bf3 Ra4 26. Nc4 Nxd4 27. Nxb6 Nxb3
28. Nxd7 Nxc1 29. Rxc1 Rc8 30. Nb6 Rxc3 31. Rxc3 Ra1+ 32. Kh2 Bxc3 33. Bxd6 Rb1
34. Nd7 Bxb4 35. Nf6+ Kg7 36. Be5 Re1 37. Nd7+ Rxe5 38. Nxe5 Bd6 39. Kg1 Bxe5
40. Bd1 b4 41. Kf1 Bd4 42. Ke2 Kf6 43. Ba4 Bc5 44. f4 Kf5 45. Kf3 Kf6 46. Ke4
Ke7 47. g4 f5+ 48. Kf3 h6 49. Bb3 Bd4 50. Ba4 Bb2 51. Bb3 Bc1 52. Ba2 Kf6 53.
Bb3 e5 54. fxe5+ Kxe5 55. Bc2 h5 56. gxh5 gxh5 57. Bb1 h4 58. Bc2 Bd2 59. Ke2
Bf4 60. Kf3 Bg3 61. Ke2 f4 62. Bb1 Kd4 63. Bf5 Kc3 64. Bg6 Kb2 65. Kd1 b3 66.
Be4 Ka1 0-1

[Event "Titled Tue 20th May Early"]
[Site "chess.com INT"]
[Date "2025.05.20"]
[Round "9"]
[White "Berikkyzy Alanna"]
[Black "Mikhalsky, Vladimir"]
[Result "1-0"]
[WhiteTitle "WFM"]
[WhiteElo "2104"]
[BlackElo "2219"]
[WhiteFideId "13780719"]
[BlackFideId "14144352"]
[EventDate "2025.05.20"]

1. e4 g6 2. d4 Bg7 3. Nc3 d6 4. Be3 a6 5. Qd2 b5 6. O-O-O Nc6 7. f3 e5 8. d5 Na5
9. g4 h5 10. gxh5 Rxh5 11. Kb1 Bh6 12. Bxh6 Nxh6 13. Nce2 Nc4 14. Qc3 a5 15. Ng3
Rh4 16. Bxc4 bxc4 17. Qxc4 Bd7 18. N1e2 Qb8 19. Qc3 Qb6 20. f4 Ng4 21. Rde1 Rb8
22. fxe5 Nxe5 23. Nc1 a4 24. b3 Bb5 25. Nge2 Rxe4 26. Ng3 Rd4 27. Ne4 Kf8 28.
Nf6 Kg7 29. Ne4 Rxd5 30. h4 Qd4 31. Qg3 axb3 32. Nxb3 Bc4 33. h5 Bxb3 34. cxb3
Qd3+ 35. Qxd3 Nxd3 36. Rd1 gxh5 37. Nc3 Rd4 38. Ne2 Rd5 39. Nc1 Nf4 40. Rxd5
Nxd5 41. Rxh5 Nf6 42. Rg5+ Kh6 43. Rg1 Ne4 44. Kc2 f5 45. Rf1 Kg6 46. Nd3 Ra8
47. a4 c5 48. Nf4+ Kf6 49. Nd5+ Ke5 50. Ne3 Ng3 51. Nc4+ Ke6 52. Re1+ Kf6 53.
Nb6 Rh8 54. Nd5+ Kg5 55. Kc3 Ne4+ 56. Kc4 Nd2+ 57. Kc3 Ne4+ 58. Kb2 Rh2+ 59. Ka3
Rh3 60. a5 Nd2 61. a6 Nc4+ 62. Ka4 Nb2+ 63. Ka5 1-0